Filosofía del derecho privado (Record no. 126522)

MARC details
000 -LEADER
fixed length control field 00628cam a2200205 4500
005 - DATE AND TIME OF LATEST TRANSACTION
control field 20200210115436.0
008 - FIXED-LENGTH DATA ELEMENTS--GENERAL INFORMATION
fixed length control field 200122b ag ||||| |||| 00| 0 spa d
050 04 - LIBRARY OF CONGRESS CALL NUMBER
Classification number K623
Item number S65 1950
100 1# - MAIN ENTRY--PERSONAL NAME
Personal name Solari, Gioele,
Dates associated with a name 1872-1952
Relator term autor
240 10 - UNIFORM TITLE
Uniform title Storicismo e diritto privato
Language of a work Español
245 10 - TITLE STATEMENT
Title Filosofía del derecho privado
Remainder of title : II la idea social
Statement of responsibility, etc / Gioele Solari ; traducción por Oberdan Caletti.
250 ## - EDITION STATEMENT
Edition statement 1a. ed.
260 ## - PUBLICATION, DISTRIBUTION, ETC. (IMPRINT)
Place of publication, distribution, etc Buenos Aires :
Name of publisher, distributor, etc Depalma ,
Date of publication, distribution, etc 1950
300 ## - PHYSICAL DESCRIPTION
Extent xiii, 396 p. ;
Dimensions 24 cm.
650 #7 - SUBJECT ADDED ENTRY--TOPICAL TERM
Source of heading or term lemb
Topical term or geographic name as entry element Derecho civil
General subdivision Historia
650 #7 - SUBJECT ADDED ENTRY--TOPICAL TERM
Source of heading or term lemb
Topical term or geographic name as entry element Filosofía del derecho
700 1# - ADDED ENTRY--PERSONAL NAME
Personal name Caletti, Oberdan
Relator term traductor
942 ## - ADDED ENTRY ELEMENTS (KOHA)
Source of classification or shelving scheme Biblioteca del Cogreso de los Estados Unidos
Koha item type Libro
Holdings
Estado de pérdida Fuente de clasificación Estado del daño No para préstamo Ubicación permanente Ubicación actual Apartado o colección Fecha de adquisición Edición Dependencia de educación superior (DES) Área del conocimiento Clasificación Código de Barras Date last seen Número de copia Costo por reposición Tipo de recurso
  Biblioteca del Cogreso de los Estados Unidos     Biblioteca de la Facultad de Derecho y Ciencias Sociales "Felipe J. Tena" Biblioteca de la Facultad de Derecho y Ciencias Sociales "Felipe J. Tena" General 22/01/2020 1a ed. Derecho Ciencias Sociales y Administrativas K623 S65 1950 BFD000012006 22/01/2020 1 1.00 Libro